000
00292nam a22001217a 4500
008
181015b xxu||||| |||| 00| 0 eng d
041
_a
eng
080
_a
371
100
_a
25
101
_a
EDU
245
_a
Beginning to Read: Thinking and Learning about Print
_c
Adams,M.J
942
_2
udc
_c
BK
999
_c
49647
_d
49647